[Event "Torun Budlex"]
[Site "Torun"]
[Date "2021.08.07"]
[Round "8"]
[White "Augustowski, Janusz"]
[Black "Darowicki, Mariusz"]
[Result "0-1"]
[WhiteElo "1726"]
[BlackElo "1913"]
[PlyCount "74"]
[EventDate "2021.07.31"]
[EventType "tourn"]
[EventRounds "9"]
[EventCountry "POL"]
[SourceTitle "EXT 2022"]
[Source "ChessBase"]
[SourceDate "2021.10.06"]
[SourceVersion "1"]
[SourceVersionDate "2021.10.06"]
[SourceQuality "1"]

1. c4 e5 2. Nc3 Nc6 3. g3 d6 4. Bg2 Be6 5. b3 f5 6. e3 g6 7. d4 exd4 8. exd4 Bg7 9. Nge2 Bf7 10. 0-0 Nge7 11. Bg5 h6 12. Bxe7 Qxe7 13. Qd2 0-0 14. Nd5 Qd8 15. b4 Rb8 16. Rac1 Ne7 17. Nxe7+ Qxe7 18. Rfe1 Qf6 19. d5 g5 20. Bf3 Rbe8 21. Red1 h5 22. Nd4 g4 23. Bg2 Bh6 24. Qc2 Bxc1 25. Qxc1 Kg7 26. Qc3 Re5 27. f4 gxf3 28. Nxf3 Re7 29. Qd3 Rfe8 30. Nh4 Re1+ 31. Rxe1 Rxe1+ 32. Kf2 Re5 33. Nf3 Re4 34. Qc2 Bg6 35. Nd2 Qd4+ 36. Kf1 Qa1+ 37. Nb1 Re5 0-1

[Event "Torun Budlex"]
[Site "Torun"]
[Date "2021.08.06"]
[Round "7"]
[White "Czarkowski, Tomasz"]
[Black "Augustowski, Janusz"]
[Result "1-0"]
[WhiteElo "1891"]
[BlackElo "1726"]
[PlyCount "77"]
[EventDate "2021.07.31"]
[EventType "tourn"]
[EventRounds "9"]
[EventCountry "POL"]
[SourceTitle "EXT 2022"]
[Source "ChessBase"]
[SourceDate "2021.10.06"]
[SourceVersion "1"]
[SourceVersionDate "2021.10.06"]
[SourceQuality "1"]

1. d4 Nf6 2. c4 e6 3. Nc3 d5 4. Bf4 Bd6 5. Bxd6 Qxd6 6. e3 0-0 7. Nf3 c5 8. dxc5 Qxc5 9. cxd5 Nxd5 10. Nxd5 exd5 11. Be2 Nc6 12. 0-0 h6 13. Qd2 Be6 14. Rfd1 Rfd8 15. h3 b5 16. Rac1 Qb6 17. Nd4 Nxd4 18. Qxd4 Rab8 19. Rc5 a6 20. Bf3 Qa5 21. a3 Rd7 22. b4 Qd8 23. Bxd5 Rxd5 24. Rxd5 Qxd5 25. Qxd5 Bxd5 26. Rxd5 Rb6 27. Rd7 g6 28. e4 Rc6 29. Ra7 Re6 30. f3 Kg7 31. Kf2 g5 32. Ke3 Rd6 33. e5 Rc6 34. Kd4 Kg6 35. Kd5 Re6 36. Rd7 h5 37. Rd6 Kf5 38. g4+ hxg4 39. fxg4+ 1-0

[Event "Wloclawek CC Classic 20th"]
[Site "Wloclawek"]
[Date "2018.??.??"]
[Round "2"]
[White "Augustowski, Janusz"]
[Black "Stepniak, Stanislaw"]
[Result "0-1"]
[WhiteElo "1761"]
[BlackElo "1560"]
[PlyCount "66"]
[EventDate "2018.04.??"]
[EventType "swiss"]
[EventRounds "7"]
[EventCountry "POL"]
[SourceTitle "EXT 2021"]
[Source "ChessBase"]
[SourceDate "2020.10.23"]
[SourceVersion "1"]
[SourceVersionDate "2020.10.23"]
[SourceQuality "1"]

1. d4 d5 2. Nf3 Bf5 3. c4 e6 4. Nc3 Nf6 5. e3 Be7 6. Bd3 Bxd3 7. Qxd3 0-0 8. 0-0 Nbd7 9. e4 dxe4 10. Nxe4 Ng4 11. h3 Nde5 12. Nxe5 Nxe5 13. Qc3 Nc6 14. Rd1 f5 15. Ng3 e5 16. d5 Nd4 17. Rxd4 exd4 18. Qxd4 Bf6 19. Qd3 g6 20. Bh6 Re8 21. Rb1 Qd6 22. b4 c6 23. Ne2 cxd5 24. cxd5 Rad8 25. Rd1 Rd7 26. Qd2 Red8 27. Bf4 Qxd5 28. Qxd5+ Rxd5 29. Rc1 Rd1+ 30. Rxd1 Rxd1+ 31. Kh2 a6 32. a4 Re1 33. Ng1 Be5 0-1

[Event "POL-chT 2nd League"]
[Site "Szklarska Poreba"]
[Date "2017.09.03"]
[Round "2.16"]
[White "Augustowski, Janusz"]
[Black "Hemmerling, Jaroslaw"]
[Result "0-1"]
[WhiteElo "1804"]
[BlackElo "1920"]
[PlyCount "92"]
[EventDate "2017.09.02"]
[EventType "team-swiss"]
[EventRounds "9"]
[EventCountry "POL"]
[SourceTitle "CBM 180 Extra"]
[Source "ChessBase"]
[SourceDate "2017.10.06"]
[SourceVersion "1"]
[SourceVersionDate "2017.10.06"]
[SourceQuality "1"]
[WhiteTeam "Wloclawek 1938"]
[BlackTeam "Steszew Lipno"]
[WhiteTeamCountry "POL"]
[BlackTeamCountry "POL"]

1. d4 d5 2. Nf3 e6 3. g3 Bd6 4. Bg2 Nf6 5. 0-0 0-0 6. c4 c6 7. Qc2 Nbd7 8. b3 dxc4 9. bxc4 e5 10. dxe5 Nxe5 11. Rd1 Nxf3+ 12. Bxf3 Qe7 13. Nc3 Bg4 14. Bg5 Bxf3 15. exf3 Be5 16. Re1 Qc7 17. Rab1 h6 18. Bxf6 Bxf6 19. Ne4 Be7 20. c5 b6 21. cxb6 axb6 22. Rec1 Rfc8 23. Qc4 Ra5 24. h4 Qa7 25. Rc2 Ra4 26. Qe2 Ba3 27. Nc3 Ra5 28. Nb5 Rxb5 29. Rxb5 Bc5 30. Rb3 Qc7 31. Rd3 Qxg3+ 32. Kh1 Qxh4+ 33. Kg2 Qg5+ 34. Kf1 Qh4 35. Qe4 Qh1+ 36. Ke2 Qg1 37. Rcd2 Qxf2+ 38. Kd1 Qg1+ 39. Kc2 Qg5 40. f4 Qf6 41. Rd7 Ra8 42. Kb1 Bf8 43. f5 Ra5 44. Rf2 Rb5+ 45. Kc1 Qa1+ 46. Kd2 Rb2+ 0-1

[Event "Poznan op 25th"]
[Site "Poznan"]
[Date "2017.08.21"]
[Round "3"]
[White "Augustowski, Janusz"]
[Black "Frackowiak, Andrzej1"]
[Result "1/2-1/2"]
[WhiteElo "1810"]
[BlackElo "1611"]
[PlyCount "114"]
[EventDate "2017.08.20"]
[EventType "swiss"]
[EventRounds "9"]
[EventCountry "POL"]
[SourceTitle "CBM 180 Extra"]
[Source "ChessBase"]
[SourceDate "2017.10.06"]
[SourceVersion "1"]
[SourceVersionDate "2017.10.06"]
[SourceQuality "1"]

1. d4 d5 2. Nf3 Nf6 3. g3 e6 4. Bg2 Bd6 5. 0-0 Nbd7 6. c4 c6 7. Nbd2 0-0 8. Qc2 Re8 9. e4 dxe4 10. Nxe4 Nxe4 11. Qxe4 Nf6 12. Qc2 Qc7 13. Bg5 Nd7 14. c5 Bf8 15. Bf4 Qd8 16. Ng5 g6 17. Ne4 e5 18. dxe5 Nxe5 19. Rad1 Nd7 20. Nd6 Bxd6 21. Bxd6 Qa5 22. Qc4 Nf8 23. b4 Qa3 24. Rd3 Qb2 25. Qc3 Qxc3 26. Rxc3 Be6 27. a4 a6 28. b5 axb5 29. axb5 Rac8 30. Rb1 Nd7 31. Ra1 Ra8 32. Rca3 Rxa3 33. Rxa3 Bc4 34. Re3 Rxe3 35. fxe3 Bxb5 36. Bh3 Nf6 37. Bc8 Ba6 38. h3 Ne4 39. Kg2 Nxd6 40. cxd6 Kf8 41. Bd7 c5 42. Kf3 Bd3 43. e4 f6 44. Ke3 Bf1 45. h4 b5 46. Kf2 Bd3 47. Ke3 Bf1 48. g4 h6 49. g5 hxg5 50. hxg5 fxg5 51. e5 Bc4 52. e6 Bxe6 53. Bxe6 c4 54. Kd4 Ke8 55. Kc3 Kd8 56. Kb4 Ke8 57. Kc3 Kd8 1/2-1/2

[Event "POL-chT4 Kujawsko-Pomorskie 1617"]
[Site "Poland"]
[Date "2017.02.12"]
[Round "8.21"]
[White "Augustowski, Janusz"]
[Black "Sargalski, Andrzej"]
[Result "1-0"]
[WhiteElo "1743"]
[BlackElo "1801"]
[PlyCount "55"]
[EventDate "2016.11.06"]
[EventType "team-tourn"]
[EventRounds "11"]
[EventCountry "POL"]
[SourceTitle "EXT 2019"]
[Source "ChessBase"]
[SourceDate "2018.10.10"]
[SourceVersion "1"]
[SourceVersionDate "2018.10.10"]
[SourceQuality "1"]

1. d4 Nf6 2. c4 d5 3. cxd5 Qxd5 4. Nc3 Qa5 5. Bd2 Qb6 6. Nf3 Bg4 7. e3 Nbd7 8. Be2 e6 9. 0-0 c6 10. b4 Bd6 11. b5 Bxf3 12. gxf3 Qc7 13. bxc6 bxc6 14. Rc1 Nb6 15. Nb5 Bxh2+ 16. Kg2 Qd7 17. Qb3 0-0 18. Kxh2 cxb5 19. Bxb5 Qd6+ 20. Kg2 Rfc8 21. Qd3 Nbd5 22. a3 a6 23. Rxc8+ Rxc8 24. Bxa6 Ra8 25. Rc1 Nc7 26. Bb7 Rxa3 27. Qb1 Qd8 28. Qb6 1-0

[Event "Wloclawek-ch"]
[Site "Wloclawek"]
[Date "2017.??.??"]
[Round "7"]
[White "Augustowski, Janusz"]
[Black "Muzalewski, Slawomir"]
[Result "1-0"]
[WhiteElo "1804"]
[BlackElo "1421"]
[PlyCount "53"]
[EventDate "2017.10.??"]
[EventType "swiss"]
[EventRounds "9"]
[EventCountry "POL"]
[SourceTitle "EXT 2021"]
[Source "ChessBase"]
[SourceDate "2020.10.23"]
[SourceVersion "1"]
[SourceVersionDate "2020.10.23"]
[SourceQuality "1"]

1. d4 Nf6 2. Nf3 e6 3. c4 d5 4. Nc3 Bb4 5. Bd2 c5 6. e3 Nc6 7. a3 Bxc3 8. Bxc3 b6 9. cxd5 exd5 10. Bb5 Bd7 11. 0-0 a6 12. Be2 c4 13. Ne5 0-0 14. f4 Ne4 15. Be1 f6 16. Nxd7 Qxd7 17. Qc2 Rfe8 18. Rf3 a5 19. b3 b5 20. a4 Nb4 21. Bxb4 axb4 22. Rh3 bxa4 23. bxc4 b3 24. Qb2 dxc4 25. Bxc4+ Kh8 26. Qe2 Nd6 27. Rxh7+ 1-0

[Event "Wloclawek CC Classic 19th"]
[Site "Wloclawek"]
[Date "2017.??.??"]
[Round "5"]
[White "Cap, Piotr"]
[Black "Augustowski, Janusz"]
[Result "0-1"]
[WhiteElo "1717"]
[BlackElo "1759"]
[PlyCount "78"]
[EventDate "2017.06.??"]
[EventType "swiss"]
[EventRounds "7"]
[EventCountry "POL"]
[SourceTitle "EXT 2021"]
[Source "ChessBase"]
[SourceDate "2020.10.23"]
[SourceVersion "1"]
[SourceVersionDate "2020.10.23"]
[SourceQuality "1"]

1. d4 Nf6 2. Nf3 g6 3. g3 Bg7 4. Bg2 d5 5. 0-0 0-0 6. c4 c6 7. Nc3 dxc4 8. Ne5 Ng4 9. Nxg4 Bxg4 10. h3 Be6 11. e3 Qd7 12. Kh2 Na6 13. Qa4 Nc7 14. Ne4 b5 15. Qa5 Qc8 16. a4 Bd5 17. Bd2 f5 18. Nc5 Bxg2 19. Kxg2 e5 20. dxe5 Bxe5 21. Bc3 Bxc3 22. bxc3 a6 23. Rfd1 Nd5 24. Rd4 Re8 25. Rad1 Qd8 26. Qxd8 Rexd8 27. e4 fxe4 28. Nxe4 Rf8 29. Re1 Rae8 30. f3 Nxc3 31. Nf6+ Rxf6 32. Rxe8+ Kf7 33. Ra8 Nxa4 34. Rxa6 Nc5 35. Ra7+ Ke6 36. Kf2 c3 37. Ke3 c2 38. Ra1 Nb3 39. Re4+ Kd5 0-1

[Event "Wloclawek-ch"]
[Site "Wloclawek"]
[Date "2016.??.??"]
[Round "9"]
[White "Augustowski, Janusz"]
[Black "Czekalski, Pawel"]
[Result "1-0"]
[WhiteElo "1743"]
[BlackElo "1296"]
[PlyCount "73"]
[EventDate "2016.09.??"]
[EventType "swiss"]
[EventRounds "9"]
[EventCountry "POL"]
[SourceTitle "EXT 2021"]
[Source "ChessBase"]
[SourceDate "2020.10.23"]
[SourceVersion "1"]
[SourceVersionDate "2020.10.23"]
[SourceQuality "1"]

1. d4 d5 2. Nf3 e6 3. Bf4 Bd6 4. Bg3 Nf6 5. e3 Ne4 6. Nbd2 b6 7. Nxe4 dxe4 8. Ne5 Bxe5 9. Bxe5 f6 10. Bg3 0-0 11. Bc4 Qd7 12. 0-0 Kh8 13. Qe2 Nc6 14. a3 Ne7 15. Bb3 Nf5 16. c4 g5 17. Qc2 Nxg3 18. fxg3 f5 19. d5 Bb7 20. Rfd1 e5 21. Ba4 Qd6 22. b4 Qh6 23. c5 g4 24. Qc3 Qg7 25. c6 Bc8 26. d6 cxd6 27. Rxd6 a6 28. Rad1 Qe7 29. c7 Kg7 30. Rd7 Bxd7 31. Rxd7 Qxd7 32. Bxd7 Kf6 33. c8Q Raxc8 34. Bxc8 Rd8 35. Bxa6 Rd1+ 36. Kf2 Rd3 37. Bxd3 1-0

[Event "Wloclawek CC Classic 16th"]
[Site "Wloclawek "]
[Date "2016.??.??"]
[Round "6"]
[White "Augustowski, Janusz"]
[Black "Rafalski, Kacper"]
[Result "1-0"]
[WhiteElo "1744"]
[BlackElo "1517"]
[PlyCount "111"]
[EventDate "2016.04.??"]
[EventType "swiss"]
[EventRounds "7"]
[EventCountry "POL"]
[SourceTitle "EXT 2021"]
[Source "ChessBase"]
[SourceDate "2020.10.23"]
[SourceVersion "1"]
[SourceVersionDate "2020.10.23"]
[SourceQuality "1"]

1. d4 f5 2. Bg5 Nf6 3. g3 e6 4. Bg2 d5 5. Nf3 Be7 6. 0-0 0-0 7. c4 c6 8. Nbd2 Nbd7 9. Qb3 b6 10. Ne5 Nxe5 11. dxe5 Nd7 12. Bxe7 Qxe7 13. cxd5 cxd5 14. f4 Nc5 15. Qa3 Qd7 16. Nf3 Qa4 17. Qxa4 Nxa4 18. Rab1 Bd7 19. Nd4 Rac8 20. Rfd1 b5 21. Kf2 a6 22. Rd3 Rc7 23. Ke3 Rfc8 24. Kd2 Kf7 25. Bf3 b4 26. Kd1 Nc5 27. Rd2 a5 28. Rc1 a4 29. Rdc2 a3 30. b3 g6 31. e3 Na6 32. Rxc7 Rxc7 33. Rxc7 Nxc7 34. Nc2 Nb5 35. Nxb4 d4 36. Kd2 h6 37. Be2 dxe3+ 38. Kxe3 g5 39. Bxb5 Bxb5 40. Nc2 Kg6 41. Nxa3 Bc6 42. Nc4 Kh5 43. Nd6 Kg4 44. Nf7 gxf4+ 45. gxf4 h5 46. Ng5 Bd5 47. h3+ Kg3 48. b4 Bxa2 49. b5 Bd5 50. b6 h4 51. Nxe6 Kxh3 52. Ng5+ Kg3 53. e6 h3 54. Nxh3 Kxh3 55. e7 Bc6 56. b7 1-0

[Event "Wloclawek CC Classic 16th"]
[Site "Wloclawek "]
[Date "2016.??.??"]
[Round "1"]
[White "Graczyk, Piotr"]
[Black "Augustowski, Janusz"]
[Result "0-1"]
[WhiteElo "1297"]
[BlackElo "1744"]
[PlyCount "90"]
[EventDate "2016.04.??"]
[EventType "swiss"]
[EventRounds "7"]
[EventCountry "POL"]
[SourceTitle "EXT 2021"]
[Source "ChessBase"]
[SourceDate "2020.10.23"]
[SourceVersion "1"]
[SourceVersionDate "2020.10.23"]
[SourceQuality "1"]

1. d4 Nf6 2. c4 c5 3. e3 g6 4. Nc3 Bg7 5. Nf3 0-0 6. Bd3 cxd4 7. exd4 d5 8. 0-0 Nc6 9. cxd5 Nxd5 10. Be4 Be6 11. Qb3 Nxc3 12. Qxc3 Nxd4 13. Nxd4 Qxd4 14. Qf3 Qb6 15. Be3 Qxb2 16. Rab1 Qxa2 17. Rxb7 f5 18. Bb1 Qa3 19. Qc6 Qd6 20. Qc1 Rfc8 21. Qd1 Bc4 22. Qxd6 exd6 23. Rd1 d5 24. Bxa7 Be5 25. g3 Rc7 26. Rb8+ Rxb8 27. Bxb8 Re7 28. Re1 Bd6 29. Rxe7 Bxe7 30. Be5 Kf7 31. f4 Bc5+ 32. Kg2 Ke6 33. Kf3 d4 34. Bc2 d3 35. Bxd3 Bxd3 36. h4 Be4+ 37. Ke2 Kd5 38. Bf6 Bg2 39. Kd3 Bf2 40. h5 Bxg3 41. hxg6 hxg6 42. Bg5 Bf2 43. Bh6 Bf1+ 44. Kd2 Ke4 45. Bg5 Bg3 0-1